000 00495nam a2200181Ia 4500
005 20250508151353.0
008 008 250505s9999 xx 000 0 eng d
037 _aTextual
040 _aFEDL
_beng
_cFEDL
041 _aeng
_2eng
084 _a791.5, MCC
_qFEDL
100 _aMcCrea Lilian
_9758972
245 0 _aPuppets and puppet plays
260 _aLondon, UK
_bOxford University Press
_c1952
300 _a127p
942 _cTEXL
_h791.5, MCC
999 _c1329326
_d1329326